Hot-desking (Record no. 116238)

MARC details
000 -LEADER
fixed length control field 01021cam a22002175a 4500
001 - CONTROL NUMBER
control field L160126
008 - FIXED-LENGTH DATA ELEMENTS--GENERAL INFORMATION
fixed length control field 180705s2018 xxk f 000 0 eng d
035 ## - SYSTEM CONTROL NUMBER
System control number (Sirsi) u160126
041 0# - LANGUAGE CODE
Language code of text/sound track or separate title eng
100 1# - MAIN ENTRY--PERSONAL NAME
Personal name Finch, Edward
245 00 - TITLE STATEMENT
Title Hot-desking
Remainder of title What does it mean for facility managers?
Medium [electronic resource]
260 ## - PUBLICATION, DISTRIBUTION, ETC.
Place of publication, distribution, etc. London
Name of publisher, distributor, etc. Anabas
Date of publication, distribution, etc. 2018
520 ## - SUMMARY, ETC.
Summary, etc. Considers four important challenges the facility manager faces when introducing the concept of hot desking within an organisaiton invludingconnecting righsizing, retrofitting and engaging with management and employees. Examines how these factors can nfluence the success of a hot-desking program and makes recommendations on the best way to approach them.
590 ## - LOCAL NOTE (RLIN)
Local note NTK
650 24 - SUBJECT ADDED ENTRY--TOPICAL TERM
Topical term or geographic name entry element HOT DESKING
650 24 - SUBJECT ADDED ENTRY--TOPICAL TERM
Topical term or geographic name entry element FLEXIBLE WORKING
651 #4 - SUBJECT ADDED ENTRY--GEOGRAPHIC NAME
Geographic name UNITED KINGDOM
690 ## - LOCAL SUBJECT ADDED ENTRY--TOPICAL TERM (OCLC, RLIN)
Topical term or geographic name as entry element Facilities management
9 (RLIN) 6240
856 40 - ELECTRONIC LOCATION AND ACCESS
Uniform Resource Identifier <a href="https://www.anabas.co.uk/whitepaper/">https://www.anabas.co.uk/whitepaper/</a>
Public note View the item free of charge (Preregistration required) from www.anabas.co.uk
942 ## - ADDED ENTRY ELEMENTS (KOHA)
Suppress in OPAC 0
Holdings
Withdrawn status Lost status Source of classification or shelving scheme Damaged status Not for loan Home library Current library Shelving location Date acquired Total Checkouts Full call number Barcode Date last seen Copy number Price effective from Koha item type
    Dewey Decimal Classification     London London Online 05/07/2018   ONLINE PUBLICAITON 160126-1001 06/08/2019 1 06/08/2019 Book